00662nam a22002057a 450000500170000000800410001701000140005802000260007203500130009803700150011104000180012608200100014410000170015424500820017126000550025327000550030830000330036350000410039670000190043720090828135149.0090828t xxu||||| |||| 00| 0 eng d aENG-94950 a9788179102497c700.00 aEN-78483 bDBAD / PUB adplbEnglish  a628.5 aSoni, Vinod  aText book of environmental biotechnology /cby Vinod Soni [and] Vinay Sharma  aJaipur bAavishkar Publishers, Distributors c2008 a807, Vyas Building, Chaura Rasta, bJaipure302003 axvi, 224p.:bill.c23cm(Hb)  aIncludes bibliographical references  aSharma, Vinay